| 000 | 00973cam a22003257a 4500 | ||
|---|---|---|---|
| 001 | 7286 | ||
| 003 | FISKH | ||
| 005 | 20260120120811.0 | ||
| 008 | 060612s2005 nyua 000 0 eng | ||
| 010 | _a 2006276781 | ||
| 020 |
_a0439773733 _qpbk. |
||
| 020 |
_a9780439773737 _q(pbk.) |
||
| 040 |
_aDLC _cDLC _dDLC _beng |
||
| 050 | _aPZ7 | ||
| 082 | _a573.76 | ||
| 100 | 1 | _aBerger, Melvin. | |
| 245 | 1 | 0 |
_aYour bones / _cMelvin and Gilda Berger. |
| 260 |
_aNew York : _bScholastic, _c2005. |
||
| 300 |
_a16 unnumbered pages : _bcolor illustrations ; _c18 x 22 cm |
||
| 490 | 0 | _aScholastic readers. Time-to-discover | |
| 505 | _aG | ||
| 520 | _aSimple text and large photos explain what bones do for our bodies. | ||
| 521 | 8 |
_a390
_bLexile |
|
| 521 | 8 |
_aG
_bRaz-Plus |
|
| 650 |
_aHuman body _vTaking Care of My Body |
||
| 700 | 1 |
_aBerger, Gilda. _eAuthor |
|
| 906 |
_a7 _bcbc _corignew _d2 _encip _f20 _gy-gencatlg |
||
| 942 |
_2ddc _cBK _n0 |
||
| 999 |
_c7286 _d7286 |
||